[Event "RUS-Cup04"]
[Site "Samara"]
[Date "2002.08.03"]
[Round "9"]
[White "Shutalev, Mikhail"]
[Black "Luchkin, Alexander"]
[Result "0-1"]
[WhiteElo "2140"]
[BlackElo "2191"]
[PlyCount "86"]
[EventDate "2002.07.26"]
[EventType "swiss"]
[EventRounds "9"]
[EventCountry "RUS"]
[SourceTitle "CBM 089 Extra"]
[Source "ChessBase"]
[SourceDate "2002.09.10"]
[SourceVersion "2"]
[SourceVersionDate "2002.09.10"]
[SourceQuality "1"]

1. Nf3 Nf6 2. e3 d5 3. b3 Bg4 4. Bb2 Nbd7 5. Be2 Bxf3 6. Bxf3 e5 7. c4 c6 8. Nc3 dxc4 9. bxc4 Bd6 10. 0-0 Qc7 11. Qc2 0-0 12. g3 Rfe8 13. d4 Rad8 14. Rac1 exd4 15. exd4 Nf8 16. d5 Ng6 17. Ne4 Nxe4 18. Bxe4 cxd5 19. Bxg6 hxg6 20. cxd5 Qd7 21. Rfd1 Qb5 22. a4 Qa6 23. Re1 Qa5 24. Rxe8+ Rxe8 25. Qb3 Re1+ 26. Kg2 Rxc1 27. Bxc1 Qc7 28. Be3 b6 29. Qb5 Kf8 30. h3 Ke7 31. Bd4 f6 32. Qe2+ Kf8 33. Kf3 Qd7 34. Kg2 Qxa4 35. Qe6 Be7 36. Be3 Qe8 37. Bf4 Bc5 38. Bd6+ Bxd6 39. Qxd6+ Qe7 40. Qc6 Qd8 41. d6 a5 42. Kf3 a4 43. Qxa4 Qxd6 0-1

[Event "St Petersburg White Nights op1"]
[Site "St Petersburg"]
[Date "2002.??.??"]
[Round "9"]
[White "Umanskaya, Irina"]
[Black "Shutalev, Mikhail"]
[Result "1/2-1/2"]
[WhiteElo "2301"]
[BlackElo "2138"]
[PlyCount "98"]
[EventDate "2002.??.??"]
[EventType "swiss"]
[EventRounds "9"]
[EventCountry "RUS"]
[SourceTitle "EXT 2003"]
[Source "ChessBase"]
[SourceDate "2002.11.25"]
[SourceVersion "1"]
[SourceVersionDate "2002.11.25"]
[SourceQuality "1"]

1. d4 e6 2. c4 b6 3. Nf3 Bb7 4. g3 Bb4+ 5. Nbd2 Bxf3 6. exf3 Qf6 7. Bg2 Qxd4 8. 0-0 Ne7 9. Qc2 0-0 10. Nb3 Qf6 11. Rd1 Rd8 12. h4 Qg6 13. Qe2 Na6 14. f4 Nc6 15. Rxd7 Rxd7 16. Bxc6 Rad8 17. Bxd7 Rxd7 18. Be3 Qe4 19. a3 Bf8 20. Rc1 Nc5 21. Nd2 Qd3 22. Kf1 Na4 23. Qxd3 Rxd3 24. Rc2 g6 25. Ke2 Rd8 26. Nf3 a5 27. Ne5 Nc5 28. Rd2 Rxd2+ 29. Kxd2 f6 30. Nc6 Kf7 31. b4 axb4 32. axb4 Nb7 33. Kc3 Ke8 34. Bd4 Kd7 35. Nb8+ Kc8 36. Nc6 Kd7 37. b5 Nd6 38. Kd3 Be7 39. g4 h5 40. f3 Nf7 41. g5 f5 42. c5 bxc5 43. Nxe7 Kxe7 44. Bxc5+ Kd7 45. Kd4 Kc8 46. Be7 Kd7 47. Bc5 Kc8 48. Be7 Kd7 49. Bc5 Kc8 1/2-1/2